000 00307nam a2200133Ia 4500
008 191201s2010 xx 000 0 und d
082 _a658.3
_bGUH
100 _aGUPTA,Shashi,K
245 0 _aHuman Resource Management
260 _aN. Delhi
_bkalyani
_c2010
300 _aMISC
650 _aBBA
942 _2ddc
_cBK
999 _c70
_d70